000
00294nam a22001337a 4500
008
171020b xxu||||| |||| 00| 0 eng d
020
_a
0538822465
041
_a
eng
080
_2
3rd
_a
338
100
_a
54
101
_a
MEN
245
_a
SUPERVISORY MANAGEMENT
_c
MOSLEY,D.C
942
_2
udc
_c
BK
999
_c
35061
_d
35061